[Event "TUR-ch op"]
[Site "Antalya"]
[Date "2008.02.05"]
[Round "3.33"]
[White "Tantas, Selim"]
[Black "Dogan, Ali Ekber"]
[Result "1/2-1/2"]
[WhiteElo "1743"]
[BlackElo "1978"]
[PlyCount "145"]
[EventDate "2008.02.04"]
[EventType "swiss"]
[EventRounds "11"]
[EventCountry "TUR"]
[SourceTitle "CBM 122 Extra"]
[Source "ChessBase"]
[SourceDate "2008.03.04"]
[SourceVersion "1"]
[SourceVersionDate "2008.03.04"]
[SourceQuality "1"]

1. e4 e6 2. d4 d5 3. exd5 exd5 4. Bd3 Bd6 5. Nf3 Nf6 6. Bg5 0-0 7. 0-0 Bg4 8. Nbd2 Nbd7 9. c3 Re8 10. Qc2 Nf8 11. Rfe1 Ng6 12. Rxe8+ Qxe8 13. Re1 Qd7 14. Ne5 Bxe5 15. dxe5 Nh5 16. f3 Be6 17. Nb3 h6 18. Bc1 Nhf4 19. Bxg6 Nxg6 20. Nc5 Qc6 21. Nxe6 Qxe6 22. f4 f5 23. Qb3 b6 24. Rd1 c6 25. Be3 Ne7 26. Qa3 c5 27. Qa6 Qc8 28. Qb5 Qe8 29. Qa6 Qc6 30. Bf2 Qc8 31. Qe2 Qe6 32. Bh4 Ng6 33. Bg3 Rd8 34. h4 Nh8 35. Qa6 Qe7 36. Bf2 Ng6 37. g3 Nf8 38. a4 Ne6 39. a5 bxa5 40. Qxa5 d4 41. Qa2 Kh8 42. Qc4 a5 43. Qa2 dxc3 44. Rxd8+ Qxd8 45. bxc3 Qb6 46. h5 Kh7 47. Qc2 g6 48. hxg6+ Kxg6 49. g4 Ng7 50. gxf5+ Nxf5 51. Qe4 Qe6 52. Bxc5 Kg7 53. Qb7+ Kg6 54. Qb6 Qxb6 55. Bxb6 a4 56. Bc5 Ng7 57. Ba3 Kf5 58. Bc1 Ne6 59. Kf2 Nc5 60. Ke3 h5 61. Ba3 Ne6 62. c4 Nxf4 63. c5 Nd5+ 64. Kd4 Ke6 65. Ke4 h4 66. Kf3 Kxe5 67. Kg4 Nf6+ 68. Kxh4 Kd5 69. Kg5 Ne4+ 70. Kf4 Nxc5 71. Ke3 Kc4 72. Bxc5 Kxc5 73. Kd3 1/2-1/2